| 000 | 00339 a2200109 4500 | ||
|---|---|---|---|
| 001 | ART_10475 | ||
| 005 | 20260410161848.0 | ||
| 008 | 260409a | ||
| 245 | 1 | 0 | _aEndeudamiento y rentabilidad en empresas multinacionales |
| 100 | 1 | _aChudnovsky, Daniel | |
| 773 | 0 |
_tEconómica _g- Año XIX, Nº 3 (sep./dic. 1973) _wREV7541 |
|
| 999 |
_c24766 _d24766 |
||